<?xml version="1.0" encoding="UTF-8"?>
<record
    xmlns:xsi="http://www.w3.org/2001/XMLSchema-instance"
    xsi:schemaLocation="http://www.loc.gov/MARC21/slim http://www.loc.gov/standards/marcxml/schema/MARC21slim.xsd"
    xmlns="http://www.loc.gov/MARC21/slim">

  <leader>01621nam a2200289Ia 4500</leader>
  <controlfield tag="005">20220317001128.0</controlfield>
  <controlfield tag="008">160825s2009    ck a   g      000 0 spa  </controlfield>
  <datafield tag="020" ind1=" " ind2=" ">
    <subfield code="a">97895830086012</subfield>
  </datafield>
  <datafield tag="082" ind1="0" ind2="4">
    <subfield code="a">616.9792</subfield>
    <subfield code="b">L86s</subfield>
  </datafield>
  <datafield tag="100" ind1="1" ind2=" ">
    <subfield code="a">Luque N&#xFA;&#xF1;ez, Ricardo</subfield>
    <subfield code="d">1959-</subfield>
  </datafield>
  <datafield tag="245" ind1="1" ind2="3">
    <subfield code="a">El sida en primera persona</subfield>
    <subfield code="b">informaci&#xF3;n y claves para el logro de acuerdos preventivos</subfield>
    <subfield code="c">Ricardo Luque N&#xFA;&#xF1;ez</subfield>
  </datafield>
  <datafield tag="250" ind1=" " ind2=" ">
    <subfield code="a">1a. edici&#xF3;n </subfield>
    <subfield code="b">4a. reimpresi&#xF3;n </subfield>
  </datafield>
  <datafield tag="300" ind1=" " ind2=" ">
    <subfield code="a">187 p&#xE1;ginas </subfield>
    <subfield code="b">ilustraciones </subfield>
    <subfield code="c">23 cm </subfield>
  </datafield>
  <datafield tag="490" ind1=" " ind2=" ">
    <subfield code="a">Ciencia y salud</subfield>
  </datafield>
  <datafield tag="505" ind1=" " ind2=" ">
    <subfield code="a">cap&#xED;tulo 1. Miedo e intolerancia: el sida social. -- cap&#xED;tulo 2. El VIH: la causa. -- cap&#xED;tulo 3. El sida: la enfermedad. -- cap&#xED;tulo 4. Formas de transmisi&#xF3;n del VIH. -- cap&#xED;tulo 5. Historia natural de la enfermedad. -- cap&#xED;tulo 6. La prueba diagn&#xF3;stica. -- cap&#xED;tulo 7. &#xBF;C&#xF3;mo tratar la infecci&#xF3;n por VIH?. -- cap&#xED;tulo 8. Prevenci&#xF3;n de la transmisi&#xF3;n por v&#xED;a sexual. -- cap&#xED;tulo 9. Dos palabras sobre las enfermedades de transmisi&#xF3;n sexual (ETS). -- cap&#xED;tulo 10. &#xBF;Es usted vulnerable al sida?. -- cap&#xED;tulo 11. Sexo, g&#xE9;nero y orientaci&#xF3;n sexual. -- cap&#xED;tulo 12. Bio&#xE9;tica y sida: tres ensayos.</subfield>
  </datafield>
  <datafield tag="650" ind1="1" ind2="4">
    <subfield code="2">LEMB</subfield>
    <subfield code="a">Sida</subfield>
    <subfield code="x">Diagnostico </subfield>
  </datafield>
  <datafield tag="650" ind1="1" ind2="4">
    <subfield code="2">LEMB</subfield>
    <subfield code="a">Sida</subfield>
    <subfield code="x">Prevenci&#xF3;n  </subfield>
  </datafield>
  <datafield tag="650" ind1="1" ind2="4">
    <subfield code="2">LEMB</subfield>
    <subfield code="a">Sida</subfield>
    <subfield code="x">Aspectos sociales </subfield>
  </datafield>
  <datafield tag="650" ind1="1" ind2="4">
    <subfield code="2">LEMB</subfield>
    <subfield code="a">Sida</subfield>
    <subfield code="x">Aspectos morales y &#xE9;ticos </subfield>
  </datafield>
  <datafield tag="650" ind1="1" ind2="4">
    <subfield code="2">LEMB</subfield>
    <subfield code="a">Enfermedades de transmisi&#xF3;n sexual </subfield>
  </datafield>
  <datafield tag="942" ind1=" " ind2=" ">
    <subfield code="2">ddc</subfield>
    <subfield code="c">BK</subfield>
  </datafield>
  <datafield tag="264" ind1=" " ind2=" ">
    <subfield code="a">Bogot&#xE1;</subfield>
    <subfield code="b">Panamericana</subfield>
    <subfield code="c">2009</subfield>
  </datafield>
  <datafield tag="336" ind1=" " ind2=" ">
    <subfield code="a">texto</subfield>
    <subfield code="b">txt</subfield>
    <subfield code="2">rdacontent</subfield>
  </datafield>
  <datafield tag="337" ind1=" " ind2=" ">
    <subfield code="a">sin mediaci&#xF3;n</subfield>
    <subfield code="b">n</subfield>
    <subfield code="2">rdamedia</subfield>
  </datafield>
  <datafield tag="338" ind1=" " ind2=" ">
    <subfield code="a">volumen</subfield>
    <subfield code="b">nc</subfield>
    <subfield code="2">rdacarrier</subfield>
  </datafield>
  <datafield tag="040" ind1=" " ind2=" ">
    <subfield code="a">CO-BoRNBP</subfield>
    <subfield code="b">spa</subfield>
    <subfield code="e">rda</subfield>
    <subfield code="c">CO-BoRNBP</subfield>
  </datafield>
  <datafield tag="999" ind1=" " ind2=" ">
    <subfield code="c">6011</subfield>
    <subfield code="d">6011</subfield>
  </datafield>
</record>
